Interpretation of China's philosophy on diplomacy in the new Era (解读新时代中国外交理念) (Record no. 589151)

000 -LEADER
fixed length control field 00485nam a22001577a 4500
003 - CONTROL NUMBER IDENTIFIER
control field NUST
020 ## - INTERNATIONAL STANDARD BOOK NUMBER
International Standard Book Number 9787508543543
038 ## - RECORD CONTENT LICENSOR
Staff Name Muhammad Ibrahim
082 ## - DEWEY DECIMAL CLASSIFICATION NUMBER
Classification number 951
Author Mark QIN
100 ## - MAIN ENTRY--PERSONAL NAME
Personal name Qingmin,Zhang
9 (RLIN) 86510
245 ## - TITLE STATEMENT
Title Interpretation of China's philosophy on diplomacy in the new Era (解读新时代中国外交理念)
Remainder of title Zhang Qingmin
260 ## - PUBLICATION, DISTRIBUTION, ETC.
Place of publication, distribution, etc. China
Name of publisher, distributor, etc. China Intercontinental press
Date of publication, distribution, etc. 2020.
300 ## - PHYSICAL DESCRIPTION
Extent 277p
Other physical details Paperback,
Dimensions 23cm.
563 ## - BINDING INFORMATION
Binding note Paperback
942 ## - ADDED ENTRY ELEMENTS (KOHA)
Source of classification or shelving scheme
Koha item type Book
Holdings
Withdrawn status Lost status Source of classification or shelving scheme Damaged status Not for loan Permanent Location Current Location Shelving location Date acquired Total Checkouts Full call number Barcode Date last seen Price effective from Koha item type
          Centre for International Peace & Stability (CIPS) Centre for International Peace & Stability (CIPS) General Stacks 03/16/2022   951 QIN 2020 CIPSD0000679 04/14/2022 04/14/2022 Book
© 2023 Central Library, National University of Sciences and Technology. All Rights Reserved.